Cálculo y Geometría Analítica / Roland Larson (Registro nro. 20477)

Detalles MARC
000 -LEADER
fixed length control field 00636nam a2200241Ia 4500
001 - CONTROL NUMBER
control field 21149
003 - CONTROL NUMBER IDENTIFIER
control field DO-CoUTE
005 - DATE AND TIME OF LATEST TRANSACTION
control field 20260204212546.0
008 - FIXED-LENGTH DATA ELEMENTS--GENERAL INFORMATION
fixed length control field 220104s9999 dr 000 0 spa d
020 ## - INTERNATIONAL STANDARD BOOK NUMBER
International Standard Book Number 0-0669-09568-0
040 ## - CATALOGING SOURCE
Original cataloging agency DO-CoUTE
Language of cataloging spa
Transcribing agency DO-CoUTE
041 0# - LANGUAGE CODE
Language code of text/sound track or separate title spa
082 ## - DEWEY DECIMAL CLASSIFICATION NUMBER
Classification number 515.15 L334c2
100 1# - MAIN ENTRY--PERSONAL NAME
Personal name Larson, Roland
245 10 - TITLE STATEMENT
Title Cálculo y Geometría Analítica / Roland Larson
250 ## - EDITION STATEMENT
Edition statement Segunda Edición
260 ## - PUBLICATION, DISTRIBUTION, ETC.
Place of publication, distribution, etc. Barcelona, España: Mc Graw Hill
300 ## - PHYSICAL DESCRIPTION
Extent 1134 páginas
650 #4 - SUBJECT ADDED ENTRY--TOPICAL TERM
Topical term or geographic name entry element Cálculo
942 ## - ADDED ENTRY ELEMENTS (KOHA)
Source of classification or shelving scheme Dewey Decimal Classification
Koha item type Libros

No hay ítems disponibles.

© 2021 Derechos Reservados UTECO - Teléfono: +1 809-585-2291 - Correo electrónico: biblioteca@uteco.edu.do​  
Código postal 43000 ​​
Dirección: Avenida Universitaria No. 100, 
Cotuí, Provincia Sánchez Ramírez, República Dominicana - RNC: 404-00059-6